000 00588nam a2200193Ia 4500
003 GCL
008 140319s9999 xx 000 0 ara d
040 _aGCL /
_cGCL
082 0 4 _a962.4
_bع ا
100 1 _aعبدالله على حامد
245 1 0 _aانماط ونماذج المدن الكبرى فى السودان /
_cعبدالله على حامد
260 _a[S.N] :
_bمعهد البحوث والدراسات العربية ،
_c1907
300 _a216 ص
490 _a
650 0 4 _aتاريخ
650 0 4 _aالسودان
650 0 4 _aالمدن
942 _2ddc
_cBK
999 _c32415
_d32415